El Manifiesto Social de Pablo VI (Record no. 113402)

MARC details
000 -LEADER
campo de control de longitud fija 00706nam a2200181 i 4500
001 - NÚMERO DE CONTROL
campo de control 113402
003 - IDENTIFICADOR DE NÚMERO DE CONTROL
campo de control ES-MaACL
005 - FECHA Y HORA DE LA ÚLTIMA TRANSACCIÓN
campo de control 20230906185858.0
007 - CAMPO FIJO DE DESCRIPCIÓN FÍSICA--INFORMACIÓN GENERAL
campo de control de longitud fija t|
008 - DATOS DE LONGITUD FIJA--INFORMACIÓN GENERAL
campo de control de longitud fija 061121s1967 sp r ||||1| spa d
100 1# - ENTRADA PRINCIPAL--NOMBRE DE PERSONA
Nombre de persona Pablo
Numeración VI
Títulos y otros términos asociados al nombre Papa, Santo.
9 (RLIN) 168351
245 13 - MENCIÓN DEL TÍTULO
Título El Manifiesto Social de Pablo VI
Resto del título : comentarios, presupuestos conciliares y repercusiones posteriores de la Encíclica `Populorum Progressio` /
Mención de responsabilidad, etc. papa Pablo VI ; edición preparada por Rafael López Jordán.
260 ## - PUBLICACIÓN, DISTRIBUCIÓN, ETC.
Lugar de publicación, distribución, etc. Madrid :
Nombre del editor, distribuidor, etc. Studium,
Fecha de publicación, distribución, etc. 1967.
300 ## - DESCRIPCIÓN FÍSICA
Extensión 224 p. ;
Dimensiones 19 cm.
650 #4 - PUNTO DE ACCESO ADICIONAL DE MATERIA--TÉRMINO DE MATERIA
Término de materia o nombre geográfico como elemento de entrada Iglesia y problemas sociales-
Subdivisión general Encíclicas.
9 (RLIN) 137973
700 0# - ENTRADA AGREGADA--NOMBRE PERSONAL
Nombre de persona López Jordán, Rafael.
9 (RLIN) 73717
852 ## - LOCALIZACIÓN
Ubicación ES-MaACL
Número de control de estantería C-33550
Sublocalización o colección R.64296
Holdings
Estatus retirado Estado de pérdida Estado de daño No para préstamo Biblioteca de origen Biblioteca actual Ubicación en estantería Fecha de adquisición Fuente de adquisición Total de préstamos Signatura topográfica completa Código de barras Visto por última vez Precio de reemplazo Tipo de ítem Koha
        Biblioteca del Ateneo de Madrid Biblioteca del Ateneo de Madrid Depósito 2 17/01/2008     C-33550 1118277 23/02/2023 23/02/2023 Libro impreso